Monsieur Flip ignoraba su muerte / (Record no. 90582)

MARC details
000 -LEADER
campo de control de longitud fija 00536nam a2200169 i 4500
001 - NÚMERO DE CONTROL
campo de control 90582
003 - IDENTIFICADOR DE NÚMERO DE CONTROL
campo de control ES-MaACL
007 - CAMPO FIJO DE DESCRIPCIÓN FÍSICA--INFORMACIÓN GENERAL
campo de control de longitud fija t|
008 - DATOS DE LONGITUD FIJA--INFORMACIÓN GENERAL
campo de control de longitud fija 050121s1952 sp ||||1| spa d
100 1# - ENTRADA PRINCIPAL--NOMBRE DE PERSONA
Nombre de persona Le Hallier, Jean.
9 (RLIN) 70891
245 10 - MENCIÓN DEL TÍTULO
Título Monsieur Flip ignoraba su muerte /
Mención de responsabilidad, etc. Jean Le Hallier ; [traducción de C. y M. Casañola].
260 ## - PUBLICACIÓN, DISTRIBUCIÓN, ETC.
Lugar de publicación, distribución, etc. Zaragoza :
Nombre del editor, distribuidor, etc. Atalanta,
Fecha de publicación, distribución, etc. [1952] (
Fabricante Imp. Librería General)
300 ## - DESCRIPCIÓN FÍSICA
Extensión 219 p. ;
Dimensiones 17 cm.
700 1# - ENTRADA AGREGADA--NOMBRE PERSONAL
Nombre de persona Casañola, C.
9 (RLIN) 36149
700 1# - ENTRADA AGREGADA--NOMBRE PERSONAL
Nombre de persona Casañola, M.
9 (RLIN) 36150
852 ## - LOCALIZACIÓN
Ubicación ES-MaACL
Número de control de estantería C-6301
Sublocalización o colección R.34268
Holdings
Estatus retirado Estado de pérdida Estado de daño No para préstamo Biblioteca de origen Biblioteca actual Ubicación en estantería Fecha de adquisición Fuente de adquisición Total de préstamos Signatura topográfica completa Código de barras Visto por última vez Precio de reemplazo Tipo de ítem Koha
        Biblioteca del Ateneo de Madrid Biblioteca del Ateneo de Madrid Sala Palomar 17/01/2008     C-6301 1094587 23/02/2023 23/02/2023 Libro impreso